[Event "Krefeld op"]
[Site "Krefeld"]
[Date "2022.08.07"]
[Round "7"]
[White "Jovanovic, Luka"]
[Black "Voelker, Werner"]
[Result "1-0"]
[WhiteElo "1775"]
[BlackElo "1403"]
[PlyCount "81"]
[EventDate "2022.08.04"]
[EventType "swiss"]
[EventRounds "9"]
[EventCountry "GER"]
[SourceTitle "CBM 209 Extra"]
[Source "ChessBase"]
[SourceDate "2022.09.30"]
[SourceVersion "1"]
[SourceVersionDate "2022.09.30"]
[SourceQuality "1"]

1. e4 c6 2. d4 d5 3. Nd2 dxe4 4. Nxe4 Nd7 5. Nf3 Ngf6 6. Nxf6+ Nxf6 7. c3 Bg4 8. Bf4 e6 9. h3 Bf5 10. Bd3 Bxd3 11. Qxd3 Qd7 12. 0-0 Bd6 13. Bxd6 Qxd6 14. c4 0-0 15. b3 Rfe8 16. Rad1 Rad8 17. Rfe1 c5 18. Qc3 cxd4 19. Rxd4 Qc6 20. Red1 Rxd4 21. Rxd4 h6 22. Ne5 Qc7 23. Ng4 Nxg4 24. Rxg4 g6 25. Rg3 h5 26. h4 b6 27. Qe3 Kh7 28. Qc3 e5 29. b4 f6 30. a4 Rc8 31. Rd3 Qxc4 32. Rd7+ Kh6 33. Qe3+ Qf4 34. Qxf4+ exf4 35. Rxa7 Rc1+ 36. Kh2 Rb1 37. a5 Rxb4 38. a6 Ra4 39. Ra8 b5 40. a7 b4 41. Rh8+ 1-0

[Event "Baden-ch op U1800"]
[Site "Haslach im Kinzigtal"]
[Date "2010.06.05"]
[Round "6"]
[White "Jovanovic, Luka"]
[Black "Roeger, Elias"]
[Result "0-1"]
[WhiteElo "1675"]
[BlackElo "1772"]
[PlyCount "88"]
[EventDate "2010.05.31"]
[EventType "swiss"]
[EventRounds "7"]
[EventCountry "GER"]
[SourceTitle "EXT 2011"]
[Source "ChessBase"]
[SourceDate "2010.11.26"]
[SourceVersion "1"]
[SourceVersionDate "2010.11.26"]
[SourceQuality "1"]

1. e4 c5 2. Nf3 d6 3. d4 Nf6 4. Nc3 cxd4 5. Nxd4 g6 6. f3 Bg7 7. Be3 0-0 8. Be2 Nc6 9. Qd2 d5 10. Nxc6 bxc6 11. e5 Nd7 12. f4 Qc7 13. Bf3 g5 14. g3 Nb6 15. b3 Bf5 16. h4 g4 17. Bg2 h5 18. 0-0 f6 19. exf6 Bxf6 20. Bd4 Bxd4+ 21. Qxd4 Rae8 22. Qd2 e5 23. fxe5 Rxe5 24. Qg5+ Qg7 25. Qxh5 Bxc2 26. Rxf8+ Kxf8 27. Rf1+ Kg8 28. Rf5 Bxf5 29. Qg5 Qxg5 30. hxg5 Be4 31. Nxe4 dxe4 32. Kf2 e3+ 33. Ke2 Nd5 34. Ke1 Rxg5 35. Ke2 Kg7 36. Bxd5 cxd5 37. Kxe3 Kf6 38. Kd4 Ke6 39. a4 Kd6 40. b4 Rf5 41. a5 Rf3 42. b5 Kc7 43. Kxd5 Rxg3 44. Ke4 Ra3 0-1

[Event "Baden-ch op U1800"]
[Site "Haslach im Kinzigtal"]
[Date "2010.06.01"]
[Round "2"]
[White "Jovanovic, Luka"]
[Black "Spiegelberg, Silvia"]
[Result "0-1"]
[WhiteElo "1675"]
[BlackElo "1609"]
[PlyCount "106"]
[EventDate "2010.05.31"]
[EventType "swiss"]
[EventRounds "7"]
[EventCountry "GER"]
[SourceTitle "EXT 2011"]
[Source "ChessBase"]
[SourceDate "2010.11.26"]
[SourceVersion "1"]
[SourceVersionDate "2010.11.26"]
[SourceQuality "1"]

1. e4 d5 2. exd5 Qxd5 3. Nc3 Qd6 4. Nf3 c6 5. Bc4 Nf6 6. 0-0 Bg4 7. d3 e6 8. Re1 Be7 9. Ne4 Nxe4 10. Rxe4 Bh5 11. Bf4 Qd8 12. Be5 0-0 13. Qe2 Nd7 14. Bc3 Bg6 15. Rg4 Nf6 16. Rg3 Nh5 17. Rg4 Nf6 18. Rg3 Nd5 19. Bd2 Bd6 20. Ne5 Bf5 21. Bh6 Bg6 22. Nxg6 hxg6 23. Bg5 Qb6 24. Rh3 Qxb2 25. Re1 Bf4 26. Bxd5 Bxg5 27. Bb3 Qf6 28. Rf3 Qc3 29. Rd1 Qd4 30. Rg3 Bh6 31. Rg4 Qf6 32. h3 Rad8 33. d4 Rd7 34. Rd3 Rfd8 35. Rf3 Qe7 36. c3 c5 37. dxc5 Qxc5 38. Qe4 Qc7 39. g3 Qc6 40. Qxc6 bxc6 41. Rc4 Rd6 42. h4 g5 43. h5 Rd2 44. Rxc6 g4 45. Rxf7 Kxf7 46. Rxe6 Kf8 47. Ra6 R8d7 48. Rg6 Re2 49. Rxg4 Rdd2 50. Ra4 Rxf2 51. Rxa7 Rg2+ 52. Kh1 Rh2+ 53. Kg1 Be3+ 0-1

[Event "Baden-ch op U1800"]
[Site "Haslach im Kinzigtal"]
[Date "2010.05.31"]
[Round "1"]
[White "Jovanovic, Luka"]
[Black "Ruf, Thomas"]
[Result "0-1"]
[WhiteElo "1675"]
[BlackElo "1726"]
[PlyCount "40"]
[EventDate "2010.05.31"]
[EventType "swiss"]
[EventRounds "7"]
[EventCountry "GER"]
[SourceTitle "EXT 2011"]
[Source "ChessBase"]
[SourceDate "2010.11.26"]
[SourceVersion "1"]
[SourceVersionDate "2010.11.26"]
[SourceQuality "1"]

1. e4 e5 2. Nc3 Bc5 3. f4 Bxg1 4. Rxg1 exf4 5. Qg4 g6 6. Bc4 d5 7. Qxf4 dxc4 8. Qe5+ Kf8 9. Qxh8 Qh4+ 10. g3 Qxh2 11. Qd4 Nc6 12. Qc5+ Nge7 13. a3 Ne5 14. Rf1 Qxg3+ 15. Qf2 Nf3+ 16. Ke2 Nd4+ 17. Qxd4 Bg4+ 18. Rf3 Bxf3+ 19. Kf1 Bg2+ 20. Kg1 Bh3+ 0-1